Alberto Arango 1897-1941 (Record no. 569)

MARC details
000 -LEADER
campo de control de longitud fija 00472nam a22001337a 4500
008 - DATOS DE LONGITUD FIJA--INFORMACIÓN GENERAL
campo de control de longitud fija 150508b xxu||||| |||| 00| 0 eng d
082 ## - NÚMERO DE LA CLASIFICACIÓN DECIMAL DEWEY
Número de clasificación 741.5
Número de ítem A 663a
100 ## - ENTRADA PRINCIPAL--NOMBRE DE PERSONA
Nombre de persona Arango, Alberto
9 (RLIN) 2577
245 ## - MENCIÓN DEL TÍTULO
Título Alberto Arango 1897-1941
Mención de responsabilidad, etc. Arango, Alberto
260 ## - PUBLICACIÓN, DISTRIBUCIÓN, ETC.
Lugar de publicación, distribución, etc. Colombia
Nombre del editor, distribuidor, etc. Banco de la República Departamento editorial
Fecha de publicación, distribución, etc. 1988
300 ## - DESCRIPCIÓN FÍSICA
Extensión 115 p.
Otras características físicas ill. (col)
Dimensiones 23.5x29 cm
650 ## - PUNTO DE ACCESO ADICIONAL DE MATERIA--TÉRMINO DE MATERIA
Subdivisión general Tiras cómicas
-- Dibujo
-- Aranjo, Alberto
-- Humor
Subdivisión geográfica Colombia
9 (RLIN) 2578
700 ## - ENTRADA AGREGADA--NOMBRE PERSONAL
Nombre de persona Alberto Arango
9 (RLIN) 2579
Holdings
Estatus retirado Estado de pérdida Fuente del sistema de clasificación o colocación Estado de daño No para préstamo Biblioteca de origen Biblioteca actual Ubicación en estantería Fecha de adquisición Total de préstamos Signatura topográfica completa Código de barras Visto por última vez Precio de reemplazo Tipo de ítem Koha
    Clasificación Decimal Dewey     Biblioteca LadoV Biblioteca LadoV   08/05/2015   741.5 A 663a 000575 08/05/2015 08/05/2015 Material 01